Athletes by sport - Statistics

General Stats
  • This quiz has been taken 114 times
  • The average score is 8 of 15
Answer Stats
Athlete Sport % Correct
Lionel Messi Soccer/football
100%
Serena Williams Tennis
93%
Mike Tyson Boxing
85%
Tiger Woods Golf
85%
Usain Bolt Running/Sprinter
75%
Andre Drummond Basketball
72%
Willie Mays Baseball
65%
Virat Kohli Cricket
55%
Jenna Forrester Swimming
48%
Dhyan Chand Hockey
38%
Leah Edmond Volleyball
35%
Martin Johnson Rugby/Footy
30%
Kento Momota Badminton
16%
Wesley So Chess
16%
Frank Shorter Marathon/Marathon Racing
7%
No matching quizzes found
Score Distribution
Percent of People with Each Score
Percentile by Number Answered
Your Score History
You have not taken this quiz